[Event "Xtracon Grandmaster "]
[Site "Koge"]
[Date "2013.10.18"]
[Round "5"]
[White "Jorgensen, Rasmus"]
[Black "Tolba, Henri"]
[Result "1-0"]
[WhiteElo "2062"]
[BlackElo "1716"]
[PlyCount "107"]
[EventDate "2013.10.14"]
[EventType "swiss"]
[EventRounds "9"]
[EventCountry "DEN"]
[Source "ChessBase"]
[SourceDate "2013.11.20"]

1. c4 g6 2. g3 Nf6 3. Bg2 e6 4. Nc3 Bg7 5. e4 d6 6. Nge2 Nbd7 7. d3 O-O 8. h4
e5 9. f3 Nc5 10. Be3 Ne6 11. Qd2 a6 12. Nd5 c5 13. g4 Nxd5 14. cxd5 Nd4 15. h5
Bf6 16. Nxd4 cxd4 17. Bh6 Bh4+ 18. Ke2 Re8 19. Rh3 g5 20. Rxh4 gxh4 21. Bg5 f6
22. Bxh4 Rf8 23. Rg1 Qc7 24. Bh3 Qg7 25. Rg3 a5 26. f4 Qh6 27. fxe5 Qxd2+ 28.
Kxd2 fxe5 29. Be7 Rf2+ 30. Ke1 Rxb2 31. Rf3 Bd7 32. Kf1 Rc8 33. Kg1 Rb1+ 34.
Kg2 Rcc1 35. h6 Rc8 36. Bxd6 Rb2+ 37. Kg3 Rxa2 38. Bxe5 Rf8 39. Bf6 a4 40. e5
Re2 41. e6 Bxe6 42. dxe6 Rxe6 43. g5 Rexf6 44. gxf6 Rd8 45. Be6+ Kf8 46. Rf4
Rd6 47. Ba2 b5 48. f7 b4 49. Bc4 Rg6+ 50. Kf3 b3 51. Rxd4 Rf6+ 52. Ke2 Rxf7 53.
Bxf7 Kxf7 54. Rxa4 1-0

[Event "Xtracon Grandmaster "]
[Site "Koge"]
[Date "2013.10.18"]
[Round "5"]
[White "Kjartansson, Gudmundur"]
[Black "Nilssen, John Arni"]
[Result "1-0"]
[WhiteElo "2447"]
[BlackElo "2360"]
[PlyCount "65"]
[EventDate "2013.10.14"]
[EventType "swiss"]
[EventRounds "9"]
[EventCountry "DEN"]
[Source "ChessBase"]
[SourceDate "2013.11.20"]

1. c4 e6 2. g3 d5 3. Nf3 c6 4. Bg2 Nd7 5. O-O Bd6 6. d4 f5 7. b3 Qe7 8. Bb2 Nh6
9. Qc1 O-O 10. Ba3 Nf7 11. Bxd6 Qxd6 12. Nc3 Nf6 13. Nd1 b6 14. Nb2 Bb7 15. Nd3
Nd7 16. b4 a5 17. c5 Qe7 18. a3 Ba6 19. cxb6 Bxd3 20. b7 Ra7 21. exd3 axb4 22.
axb4 Rxb7 23. Qxc6 Rfb8 24. Rfb1 Nd8 25. Qc3 Rxb4 26. Rxb4 Rxb4 27. Ra7 Rb1+
28. Bf1 Qd6 29. Qc8 Nf8 30. Ne5 Qb8 31. Ra8 Qxc8 32. Rxc8 Nb7 33. Rb8 1-0

[Event "Xtracon Grandmaster "]
[Site "Koge"]
[Date "2013.10.18"]
[Round "5"]
[White "Knudsen, Martin Mosgaard"]
[Black "Nielsen, Bjorn"]
[Result "1-0"]
[WhiteElo "1683"]
[BlackElo "1431"]
[PlyCount "99"]
[EventDate "2013.10.14"]
[EventType "swiss"]
[EventRounds "9"]
[EventCountry "DEN"]
[Source "ChessBase"]
[SourceDate "2013.11.20"]

1. e4 e5 2. Nf3 Nc6 3. Bb5 d6 4. Nc3 Bd7 5. O-O h6 6. Re1 Nf6 7. h3 a6 8. Ba4
Be7 9. d4 Nxd4 10. Bxd7+ Qxd7 11. Nxd4 exd4 12. Qxd4 O-O 13. a4 Nh7 14. Nd5 Bf6
15. Nxf6+ Nxf6 16. Bxh6 Rad8 17. Bg5 Qe6 18. Ra3 Qe5 19. Bxf6 Qxf6 20. Qxf6
gxf6 21. Rg3+ Kh7 22. Rg4 Rg8 23. Rh4+ Kg7 24. Rf4 Rde8 25. g4 c6 26. Rd1 Re6
27. c4 c5 28. Rd5 Rd8 29. Kg2 Re5 30. Rd3 Re6 31. f3 Rb8 32. Rf5 b5 33. axb5
axb5 34. cxb5 Rxb5 35. Rd2 Rb6 36. Rfd5 Kf8 37. h4 Ke7 38. h5 Re5 39. Kg3 Rxd5
40. exd5 f5 41. g5 Rb8 42. Kf4 Rh8 43. Rh2 Kf8 44. Kxf5 Kg7 45. h6+ Kh7 46. Kf6
Re8 47. Kxf7 Re5 48. g6+ Kh8 49. g7+ Kh7 50. g8=Q# 1-0

[Event "Xtracon Grandmaster "]
[Site "Koge"]
[Date "2013.10.18"]
[Round "5"]
[White "Kokholm, Daniel"]
[Black "Vovk, Oksana"]
[Result "1/2-1/2"]
[WhiteElo "1905"]
[BlackElo "2132"]
[PlyCount "80"]
[EventDate "2013.10.14"]
[EventType "swiss"]
[EventRounds "9"]
[EventCountry "DEN"]
[Source "ChessBase"]
[SourceDate "2013.11.20"]

1. e4 e6 2. d3 d5 3. Nd2 Nf6 4. Ngf3 b6 5. g3 dxe4 6. dxe4 Bb7 7. Bd3 Nbd7 8.
Qe2 Be7 9. c3 O-O 10. O-O Nc5 11. Bc2 a5 12. c4 Nfd7 13. b3 e5 14. Bb2 Bf6 15.
Rad1 Qe7 16. Nb1 Rfd8 17. Nc3 c6 18. Qe3 Ne6 19. Ne2 c5 20. Ne1 Nd4 21. Nxd4
cxd4 22. Qe2 Nc5 23. Ba3 Qe6 24. Bxc5 bxc5 25. Nd3 Qc6 26. Rde1 Re8 27. h4 g6
28. Nb2 Bg7 29. Bd3 f5 30. h5 Qf6 31. hxg6 hxg6 32. f3 Qg5 33. Kg2 f4 34. g4
Kf7 35. Rh1 Rh8 36. Na4 Qe7 37. Nb6 Rxh1 38. Rxh1 Rh8 39. Rxh8 Bxh8 40. Qf2 Qd8
1/2-1/2

[Event "Xtracon Grandmaster "]
[Site "Koge"]
[Date "2013.10.18"]
[Round "5"]
[White "Lund, Silas"]
[Black "Semcesen, Daniel"]
[Result "1/2-1/2"]
[WhiteElo "2416"]
[BlackElo "2490"]
[PlyCount "31"]
[EventDate "2013.10.14"]
[EventType "swiss"]
[EventRounds "9"]
[EventCountry "DEN"]
[Source "ChessBase"]
[SourceDate "2013.11.20"]

1. d4 d5 2. c4 dxc4 3. e3 e5 4. Bxc4 exd4 5. exd4 Bd6 6. Nf3 Nf6 7. O-O O-O 8.
Nc3 Nc6 9. Bg5 Bg4 10. h3 Bxf3 11. Qxf3 Nxd4 12. Qxb7 Rb8 13. Qxa7 Ra8 14. Qb7
Rb8 15. Qa7 Ra8 16. Qb7 1/2-1/2

[Event "Xtracon Grandmaster "]
[Site "Koge"]
[Date "2013.10.18"]
[Round "5"]
[White "Malmqvist, Glenn"]
[Black "Korley, Kassa"]
[Result "1/2-1/2"]
[WhiteElo "2102"]
[BlackElo "2329"]
[PlyCount "52"]
[EventDate "2013.10.14"]
[EventType "swiss"]
[EventRounds "9"]
[EventCountry "DEN"]
[Source "ChessBase"]
[SourceDate "2013.11.20"]

1. e4 c6 2. d4 d5 3. Nc3 dxe4 4. Nxe4 Bf5 5. Ng3 Bg6 6. Nf3 Nd7 7. Bd3 e6 8. b3
Bb4+ 9. Bd2 Qa5 10. Bxg6 hxg6 11. a3 Bxd2+ 12. Qxd2 Qxd2+ 13. Kxd2 Ngf6 14. Ng5
c5 15. N3e4 Nxe4+ 16. Nxe4 cxd4 17. Nd6+ Ke7 18. Nxb7 Rhc8 19. Na5 Nb6 20. Rhe1
Rc5 21. b4 Rc3 22. Re4 Rac8 23. Ra2 Nc4+ 24. Nxc4 R3xc4 25. Kd3 Rc3+ 26. Kd2
R3c4 1/2-1/2

[Event "Xtracon Grandmaster "]
[Site "Koge"]
[Date "2013.10.18"]
[Round "5"]
[White "Moller, Arne"]
[Black "Pondal, Jesper"]
[Result "1-0"]
[WhiteElo "1847"]
[BlackElo "2031"]
[PlyCount "139"]
[EventDate "2013.10.14"]
[EventType "swiss"]
[EventRounds "9"]
[EventCountry "DEN"]
[Source "ChessBase"]
[SourceDate "2013.11.20"]

1. e4 c5 2. Nf3 d6 3. d4 cxd4 4. Nxd4 Nf6 5. Nc3 a6 6. Be2 e6 7. O-O Be7 8. Be3
O-O 9. a4 b6 10. f4 Qc7 11. Bf3 Bb7 12. Qe2 Nbd7 13. Rad1 Nc5 14. Bc1 Rfd8 15.
Rfe1 d5 16. exd5 Nxd5 17. Nxd5 Bxd5 18. Bxd5 Rxd5 19. Nxe6 fxe6 20. Rxd5 exd5
21. Qxe7 Qxe7 22. Rxe7 Nxa4 23. b3 Nc3 24. Bb2 Rc8 25. Kf1 b5 26. Ke1 Kf8 27.
Rd7 Re8+ 28. Kd2 Ne4+ 29. Kc1 Nf6 30. Bxf6 gxf6 31. Rxh7 Re2 32. g3 a5 33. Kd1
Re4 34. Rb7 b4 35. Rb5 Rd4+ 36. Ke2 Ke7 37. Rxa5 Ke6 38. Ra4 Re4+ 39. Kd3 Re1
40. Rxb4 Rd1+ 41. Ke2 Rc1 42. Rb6+ Kf5 43. Rc6 Rh1 44. Kf3 Rxh2 45. g4+ Kg6 46.
g5 Kg7 47. gxf6+ Kf7 48. Kg4 d4 49. Kf5 Rh5+ 50. Ke4 d3 51. Kxd3 Rb5 52. Ke4
Kg6 53. f5+ Kf7 54. Kf4 Rb4+ 55. Kg5 Rb7 56. Rc4 Rd7 57. Rh4 Kg8 58. Re4 Rd2
59. Rc4 Rg2+ 60. Kf4 Kf7 61. Rc6 Rf2+ 62. Ke4 Re2+ 63. Kf3 Re5 64. Kf4 Re2 65.
b4 Rf2+ 66. Ke4 Re2+ 67. Kf3 Re1 68. c4 Rf1+ 69. Ke4 Re1+ 70. Kd4 1-0

[Event "Xtracon Grandmaster "]
[Site "Koge"]
[Date "2013.10.18"]
[Round "5"]
[White "Molvig, Henrik"]
[Black "Jorgensen, Mikkel"]
[Result "1-0"]
[WhiteElo "2162"]
[BlackElo "1866"]
[PlyCount "51"]
[EventDate "2013.10.14"]
[EventType "swiss"]
[EventRounds "9"]
[EventCountry "DEN"]
[Source "ChessBase"]
[SourceDate "2013.11.20"]

1. d4 d5 2. c4 c6 3. Nf3 Nf6 4. Nc3 e6 5. Bg5 Be7 6. e3 Nbd7 7. Rc1 a6 8. a3
dxc4 9. Bxc4 b5 10. Ba2 Bb7 11. O-O O-O 12. Qe2 c5 13. Rfd1 c4 14. Bb1 Qc7 15.
e4 e5 16. Kh1 Rfe8 17. dxe5 Nxe5 18. Nxe5 Qxe5 19. f4 Qe6 20. e5 Nd7 21. Bxe7
Rxe7 22. Ne4 Bd5 23. Ng5 Qc6 24. Bxh7+ Kf8 25. Rxd5 Qxd5 26. Be4 1-0

[Event "Xtracon Grandmaster "]
[Site "Koge"]
[Date "2013.10.18"]
[Round "5"]
[White "Molvig, Julius"]
[Black "Bengtsson, Tage"]
[Result "1-0"]
[WhiteElo "1893"]
[BlackElo "2099"]
[PlyCount "71"]
[EventDate "2013.10.14"]
[EventType "swiss"]
[EventRounds "9"]
[EventCountry "DEN"]
[Source "ChessBase"]
[SourceDate "2013.11.20"]

1. d4 d5 2. c4 e6 3. Nc3 c5 4. cxd5 exd5 5. Nf3 Nc6 6. g3 Nf6 7. Bg2 Be7 8. O-O
O-O 9. Be3 cxd4 10. Nxd4 Re8 11. a3 Bg4 12. Qb3 Na5 13. Qa2 Nc4 14. Nxd5 Nxe3
15. fxe3 Bh5 16. Nf4 Qa5 17. Bxb7 Bd6 18. Bxa8 Rxa8 19. Nxh5 Qxh5 20. Nf3 Bc5
21. b4 Bxe3+ 22. Kg2 Re8 23. Qc4 Bb6 24. Rfe1 Re4 25. Qc8+ Re8 26. Qc6 Re6 27.
Qb7 g5 28. e4 Qg6 29. Qc8+ Kg7 30. Qc3 g4 31. Nh4 Qg5 32. Rad1 Re5 33. Nf5+
Rxf5 34. exf5 Qh5 35. Rf1 Qh3+ 36. Kh1 1-0

[Event "Xtracon Grandmaster "]
[Site "Koge"]
[Date "2013.10.18"]
[Round "5"]
[White "Nielsen, Jens Holm"]
[Black "Svensson, Soren"]
[Result "1-0"]
[WhiteElo "1844"]
[BlackElo "2015"]
[PlyCount "57"]
[EventDate "2013.10.14"]
[EventType "swiss"]
[EventRounds "9"]
[EventCountry "DEN"]
[Source "ChessBase"]
[SourceDate "2013.11.20"]

1. Nc3 e5 2. Nf3 Nc6 3. d4 exd4 4. Nxd4 Nxd4 5. Qxd4 c6 6. e4 d6 7. Be2 Be6 8.
O-O Qb6 9. Be3 Qxd4 10. Bxd4 f6 11. f4 Ne7 12. a4 a6 13. Rfd1 c5 14. Bf2 Nc6
15. Nd5 Bxd5 16. exd5 Ne7 17. Ra3 Kf7 18. Rb3 Ra7 19. Bf3 Nc8 20. Bg4 Be7 21.
Be6+ Kg6 22. Rg3+ Kh6 23. Rh3+ Kg6 24. f5+ Kg5 25. Be3+ Kg4 26. Rg3+ Kh5 27.
Rxg7 Bf8 28. g4+ Kh4 29. Bf2+ 1-0

[Event "Xtracon Grandmaster "]
[Site "Koge"]
[Date "2013.10.18"]
[Round "5"]
[White "Nielsen, Kai Gylling"]
[Black "Gade, Jens"]
[Result "1-0"]
[WhiteElo "1809"]
[BlackElo "1619"]
[PlyCount "63"]
[EventDate "2013.10.14"]
[EventType "swiss"]
[EventRounds "9"]
[EventCountry "DEN"]
[Source "ChessBase"]
[SourceDate "2013.11.20"]

1. d4 d5 2. Nf3 Nf6 3. c4 c6 4. Nc3 Bg4 5. cxd5 cxd5 6. Ne5 Bd7 7. Qb3 Bc6 8.
e4 e6 9. exd5 Nxd5 10. Bb5 Qb6 11. Nxd5 exd5 12. Nxc6 bxc6 13. Qe3+ Be7 14. Bd3
Qc7 15. Qh3 Bb4+ 16. Kd1 Nd7 17. a3 Be7 18. Re1 Nf6 19. Bg5 Kf8 20. Rc1 Ne4 21.
Bxe7+ Qxe7 22. Bxe4 dxe4 23. Rxc6 Rd8 24. Rc8 Ke8 25. Qc3 f5 26. f3 Qd7 27.
Rxd8+ Kxd8 28. fxe4 fxe4 29. Rxe4 Rf8 30. Qa5+ Qc7 31. Qxc7+ Kxc7 32. Re7+ 1-0

[Event "Xtracon Grandmaster "]
[Site "Koge"]
[Date "2013.10.18"]
[Round "5"]
[White "Norlander, Svante"]
[Black "Jensen, Jens Amstrup"]
[Result "1-0"]
[WhiteElo "1766"]
[BlackElo "1646"]
[PlyCount "67"]
[EventDate "2013.10.14"]
[EventType "swiss"]
[EventRounds "9"]
[EventCountry "DEN"]
[Source "ChessBase"]
[SourceDate "2013.11.20"]

1. e4 d6 2. d4 Nf6 3. Nc3 g6 4. f4 Bg7 5. Bc4 O-O 6. Nf3 Bg4 7. Be3 a6 8. h3
Bxf3 9. Qxf3 c6 10. O-O-O b5 11. Bb3 Nfd7 12. g4 a5 13. a4 bxa4 14. Nxa4 Nb6
15. e5 Nxa4 16. Bxa4 d5 17. f5 Ra6 18. Bg5 Nd7 19. Qa3 f6 20. exf6 Nxf6 21.
Rhe1 Re8 22. Re6 h6 23. Bf4 g5 24. Bh2 Qd7 25. Rde1 Ne4 26. Be5 Bf6 27. c4 Kf7
28. cxd5 Bxe5 29. Rxe5 Qc7 30. dxc6 Rxc6+ 31. Bxc6 Qxc6+ 32. Kb1 Nd2+ 33. Ka1
Nc4 34. Rxe7+ 1-0

[Event "Xtracon Grandmaster "]
[Site "Koge"]
[Date "2013.10.18"]
[Round "5"]
[White "Olsen, Michael Richard W"]
[Black "Fransson, Pia"]
[Result "1-0"]
[WhiteElo "1967"]
[BlackElo "1558"]
[PlyCount "115"]
[EventDate "2013.10.14"]
[EventType "swiss"]
[EventRounds "9"]
[EventCountry "DEN"]
[Source "ChessBase"]
[SourceDate "2013.11.20"]

1. e4 c5 2. Nf3 d6 3. Bc4 Nf6 4. Nc3 g6 5. e5 Ng4 6. exd6 Qxd6 7. Nb5 Qb6 8.
Qe2 a6 9. Nc3 Nc6 10. h3 Nf6 11. d3 Na5 12. O-O Nxc4 13. dxc4 Bg7 14. Be3 O-O
15. Rab1 Bd7 16. b4 Qc7 17. bxc5 Bc6 18. Nd4 Nd7 19. Nxc6 Qxc6 20. Nd5 Rfe8 21.
Nb6 Rad8 22. Nxd7 Rxd7 23. Rb6 Qe4 24. Rd1 Red8 25. Rxd7 Rxd7 26. Qg4 Qxg4 27.
hxg4 Rc7 28. Kf1 Kf8 29. Ke2 Ke8 30. Kf3 Kd7 31. Ke4 Kc8 32. g5 e6 33. c6 Rxc6
34. Rxc6+ bxc6 35. Bc5 Kd7 36. g4 e5 37. Bb4 Ke6 38. Bc3 f5+ 39. gxf6 Bxf6 40.
Bd2 h5 41. gxh5 gxh5 42. f3 h4 43. f4 h3 44. f5+ Ke7 45. Kf3 e4+ 46. Kg3 h2 47.
Kxh2 Kd6 48. Kg3 Kc5 49. Kf4 Kd4 50. Be3+ Kxc4 51. Kxe4 c5 52. Bd2 Kb5 53. Kd5
c4 54. Ke6 c3 55. Bc1 Bd4 56. f6 Bc5 57. f7 Ka4 58. Kd7 1-0

[Event "Xtracon Grandmaster "]
[Site "Koge"]
[Date "2013.10.18"]
[Round "5"]
[White "Ottesen, Soren Rud"]
[Black "Hein, Jacob"]
[Result "1-0"]
[WhiteElo "1757"]
[BlackElo "1459"]
[PlyCount "69"]
[EventDate "2013.10.14"]
[EventType "swiss"]
[EventRounds "9"]
[EventCountry "DEN"]
[Source "ChessBase"]
[SourceDate "2013.11.20"]

1. e4 g6 2. d4 d6 3. Nf3 c5 4. Be3 Bg7 5. Nc3 Bg4 6. dxc5 Qa5 7. Bd4 Bxf3 8.
gxf3 Nf6 9. cxd6 Nc6 10. Bb5 O-O 11. Bxc6 bxc6 12. dxe7 Rfe8 13. O-O Rxe7 14.
Qe2 Qg5+ 15. Kh1 Qh4 16. Rg1 c5 17. Bxf6 Bxf6 18. Rg4 Qh5 19. Rd1 Rb8 20. Nd5
Qxd5 21. Rxd5 Rxb2 22. e5 Bg7 23. Rd8+ Bf8 24. f4 Rxa2 25. f5 Rb7 26. f6 Rb1+
27. Rg1 Rbb2 28. Rc1 Rb4 29. Qe3 Rd4 30. Rxd4 cxd4 31. Qxd4 Ba3 32. Qd8+ Bf8
33. Kg2 a5 34. Rb1 Rxc2 35. Rb8 1-0

[Event "Xtracon Grandmaster "]
[Site "Koge"]
[Date "2013.10.18"]
[Round "5"]
[White "Percivaldi, Martin"]
[Black "Degerfeldt, Sven"]
[Result "1-0"]
[WhiteElo "2191"]
[BlackElo "1929"]
[PlyCount "93"]
[EventDate "2013.10.14"]
[EventType "swiss"]
[EventRounds "9"]
[EventCountry "DEN"]
[Source "ChessBase"]
[SourceDate "2013.11.20"]

1. d4 d5 2. c4 e6 3. Nf3 Nf6 4. g3 c6 5. Bg2 Bd6 6. O-O Nbd7 7. Nbd2 h6 8. b3
O-O 9. Bb2 Re8 10. e3 e5 11. cxd5 cxd5 12. dxe5 Nxe5 13. Nxe5 Bxe5 14. Bxe5
Rxe5 15. Nf3 Bg4 16. Qd4 Re4 17. Qd3 Bxf3 18. Bxf3 Re7 19. Rfd1 Rd7 20. Rd2 Qe7
21. Rad1 Rad8 22. Qd4 b6 23. Kg2 Qe6 24. Qa4 Qe7 25. Rd4 Qc5 26. b4 Qe7 27. a3
Qe6 28. Qb5 g5 29. Kg1 Kg7 30. Qd3 g4 31. Bg2 Ne4 32. Bxe4 dxe4 33. Rxd7 exd3
34. Rxd8 Qa2 35. R1xd3 Qe2 36. R8d7 a5 37. R3d4 h5 38. Rf4 axb4 39. axb4 Kg6
40. Rd6+ Kg7 41. Rxb6 Qd1+ 42. Kg2 Qd5+ 43. e4 Qd4 44. Rb7 Kg6 45. Rbxf7 Qxb4
46. h3 gxh3+ 47. Kxh3 1-0

[Event "Xtracon Grandmaster "]
[Site "Koge"]
[Date "2013.10.18"]
[Round "5"]
[White "Preuss, Flemming"]
[Black "Bekker Jensen, David"]
[Result "0-1"]
[WhiteElo "1980"]
[BlackElo "2321"]
[PlyCount "96"]
[EventDate "2013.10.14"]
[EventType "swiss"]
[EventRounds "9"]
[EventCountry "DEN"]
[Source "ChessBase"]
[SourceDate "2013.11.20"]

1. d4 Nf6 2. Nf3 g6 3. e3 Bg7 4. Bd3 O-O 5. O-O d6 6. Re1 Nbd7 7. c3 e5 8. dxe5
dxe5 9. e4 Nc5 10. Bc2 Qxd1 11. Rxd1 Ncxe4 12. Nxe5 Bf5 13. Na3 Rfe8 14. Nec4
Be6 15. f3 Nc5 16. Kf2 Bf8 17. Be3 a5 18. Bd4 Nd5 19. Ne3 c6 20. Nxd5 Bxd5 21.
c4 Be6 22. Re1 Na6 23. Rad1 Bxa3 24. bxa3 Bxc4 25. Bb6 Bxa2 26. Bxa5 Rxe1 27.
Rxe1 Nc5 28. Bc3 Be6 29. Bb4 Nd7 30. a4 Nb6 31. a5 Nd5 32. Bd2 Kf8 33. Rb1 Bc8
34. Be4 Nc7 35. Bb4+ Ke8 36. Bc5 Rxa5 37. Bb6 Ra2+ 38. Kg3 Ne6 39. Rd1 f5 40.
Bb1 f4+ 41. Kh3 Rb2 42. Bg1 Ng5+ 43. Kh4 Rxg2 44. Re1+ Kf7 45. Ba2+ Kg7 46.
Bd4+ Kh6 47. Bg7+ Kxg7 48. Re7+ Kf6 0-1

[Event "Xtracon Grandmaster "]
[Site "Koge"]
[Date "2013.10.18"]
[Round "5"]
[White "Prosviriakov, Vladimir"]
[Black "Nielsen, Klaus"]
[Result "1-0"]
[WhiteElo "2300"]
[BlackElo "2092"]
[PlyCount "78"]
[EventDate "2013.10.14"]
[EventType "swiss"]
[EventRounds "9"]
[EventCountry "DEN"]
[Source "ChessBase"]
[SourceDate "2013.11.20"]

1. d4 d5 2. c4 e6 3. cxd5 exd5 4. Nc3 Be7 5. Qc2 Nf6 6. Bg5 Nbd7 7. e3 O-O 8.
Bd3 Re8 9. Nf3 Nf8 10. h3 c6 11. O-O Ne4 12. Bxe7 Qxe7 13. Bxe4 dxe4 14. Nd2 f5
15. f3 exf3 16. Rxf3 Ng6 17. e4 Nh4 18. Rf2 fxe4 19. Qxe4 Qd8 20. Qd3 Be6 21.
Raf1 Qd7 22. Nde4 Bf5 23. Qc4+ Be6 24. d5 cxd5 25. Nf6+ gxf6 26. Qxh4 f5 27.
Rf3 Re7 28. Rg3+ Rg7 29. Rff3 Bf7 30. Rxg7+ Kxg7 31. Qd4+ Kg8 32. Rg3+ Bg6 33.
Nxd5 Qg7 34. Qc4 Kh8 35. Nf4 Re8 36. Kh2 a6 37. Qb4 Re4 38. Qd6 Re7 39. Rxg6
hxg6 1-0

[Event "Xtracon Grandmaster "]
[Site "Koge"]
[Date "2013.10.18"]
[Round "5"]
[White "Rendboe, John Filip"]
[Black "Gleizerov, Evgeny"]
[Result "0-1"]
[WhiteElo "2214"]
[BlackElo "2545"]
[PlyCount "46"]
[EventDate "2013.10.14"]
[EventType "swiss"]
[EventRounds "9"]
[EventCountry "DEN"]
[Source "ChessBase"]
[SourceDate "2013.11.20"]

1. d4 e6 2. c4 f5 3. g3 Nf6 4. Bg2 d5 5. Nf3 c6 6. O-O Bd6 7. Nc3 O-O 8. Qc2
Ne4 9. c5 Bc7 10. Bf4 Bxf4 11. gxf4 Bd7 12. b4 Be8 13. e3 Nd7 14. Rab1 Rc8 15.
a4 Qe7 16. b5 b6 17. bxc6 Rxc6 18. Nxe4 fxe4 19. Nd2 Bh5 20. Rfc1 Rfc8 21. Nb3
Qh4 22. Qd2 Bf3 23. Kh1 Nf6 0-1

[Event "Xtracon Grandmaster "]
[Site "Koge"]
[Date "2013.10.18"]
[Round "5"]
[White "Rendlev, Niels Moller"]
[Black "Elzubeir, Omar"]
[Result "1-0"]
[WhiteElo "1818"]
[BlackElo "1448"]
[PlyCount "101"]
[EventDate "2013.10.14"]
[EventType "swiss"]
[EventRounds "9"]
[EventCountry "DEN"]
[Source "ChessBase"]
[SourceDate "2013.11.20"]

1. g3 Nf6 2. f4 c5 3. Nf3 Nc6 4. d3 d5 5. Bg2 e6 6. O-O Be7 7. Nc3 a6 8. h3 O-O
9. e4 d4 10. Ne2 g6 11. g4 Ne8 12. Ng3 Ng7 13. Qe2 f5 14. g5 Qc7 15. e5 b5 16.
c3 Bb7 17. Bd2 Rfd8 18. Rac1 Qb6 19. Kh2 a5 20. Be1 Rac8 21. Bf2 dxc3 22. bxc3
b4 23. Rfd1 Ba6 24. Qc2 bxc3 25. Qxc3 Qb4 26. Be3 Nd4 27. Ne1 Nh5 28. Bxd4 Rxd4
29. Nxh5 gxh5 30. Qxb4 axb4 31. Kg3 h4+ 32. Kf3 Bb7+ 33. Ke3 Rd7 34. Bxb7 Rxb7
35. Rc4 Ra8 36. Rd2 b3 37. axb3 Rxb3 38. Nf3 Raa3 39. Nxh4 Rb4 40. Rxb4 cxb4
41. Nf3 b3 42. Rb2 Bb4 43. Nd2 Bxd2+ 44. Kxd2 Ra2 45. Kc3 Rxb2 46. Kxb2 h6 47.
h4 Kg7 48. Kxb3 hxg5 49. hxg5 Kg6 50. Kc4 Kh5 51. d4 1-0

[Event "Xtracon Grandmaster "]
[Site "Koge"]
[Date "2013.10.18"]
[Round "5"]
[White "Smidt Nielsen, Henrik"]
[Black "Pawlak, Wojciech Zbignew"]
[Result "1/2-1/2"]
[WhiteElo "1953"]
[BlackElo "1681"]
[PlyCount "114"]
[EventDate "2013.10.14"]
[EventType "swiss"]
[EventRounds "9"]
[EventCountry "DEN"]
[Source "ChessBase"]
[SourceDate "2013.11.20"]

1. d4 Nf6 2. c4 g6 3. Nc3 d5 4. cxd5 Nxd5 5. e4 Nxc3 6. bxc3 Bg7 7. Be3 c5 8.
Qd2 Qa5 9. Rc1 O-O 10. Bd3 Nc6 11. Ne2 Rd8 12. d5 Ne5 13. O-O b6 14. Rfd1 Ba6
15. Bxa6 Qxa6 16. Bg5 Qb7 17. c4 f6 18. Bf4 Nf7 19. Qd3 g5 20. Bg3 Rd7 21. Qf3
Qa6 22. Rc2 Qa4 23. Rdc1 Rad8 24. h3 Nd6 25. Bxd6 Rxd6 26. Ng3 e6 27. Nh5 exd5
28. exd5 Re8 29. Re2 Rxe2 30. Qxe2 Qd7 31. Re1 Bf8 32. Ng3 Qf7 33. Nf5 Rd7 34.
Qe4 b5 35. d6 bxc4 36. Ne7+ Kg7 37. Qc6 Rxe7 38. dxe7 Bxe7 39. Qc7 Bf8 40. Qg3
Qd5 41. Qc7+ Qf7 42. Qxf7+ Kxf7 43. Rc1 Bd6 44. Kf1 Ke6 45. Rxc4 Kd5 46. Rc2
Be5 47. Ke2 c4 48. f3 h5 49. g4 h4 50. Rd2+ Bd4 51. Kd1 c3 52. Rd3 Kc4 53. Kc2
Be5 54. Rd7 Bd4 55. Rd8 Be5 56. Rd7 Bd4 57. Rd8 Be5 1/2-1/2

[Event "Xtracon Grandmaster "]
[Site "Koge"]
[Date "2013.10.18"]
[Round "5"]
[White "Solodovnichenko, Yuri"]
[Black "Nielsen, Peter Heine"]
[Result "1/2-1/2"]
[WhiteElo "2583"]
[BlackElo "2649"]
[PlyCount "32"]
[EventDate "2013.10.14"]
[EventType "swiss"]
[EventRounds "9"]
[EventCountry "DEN"]
[Source "ChessBase"]
[SourceDate "2013.11.20"]

1. e4 c5 2. Nf3 d6 3. d4 cxd4 4. Nxd4 Nf6 5. Nc3 g6 6. Be3 Bg7 7. f3 O-O 8. Bc4
Nc6 9. Qd2 Bd7 10. h4 Rc8 11. Bb3 h5 12. O-O-O Ne5 13. Bh6 Nc4 14. Bxc4 Rxc4
15. Bxg7 Kxg7 16. Kb1 Qa5 1/2-1/2

[Event "Xtracon Grandmaster "]
[Site "Koge"]
[Date "2013.10.18"]
[Round "5"]
[White "Sorensen, Dick"]
[Black "Stuhr, Finn"]
[Result "1-0"]
[WhiteElo "1974"]
[BlackElo "1726"]
[PlyCount "53"]
[EventDate "2013.10.14"]
[EventType "swiss"]
[EventRounds "9"]
[EventCountry "DEN"]
[Source "ChessBase"]
[SourceDate "2013.11.20"]

1. d4 Nf6 2. Nf3 e6 3. g3 b6 4. Bg2 Bb7 5. O-O Be7 6. c4 O-O 7. Nc3 d5 8. cxd5
Nxd5 9. Re1 Bb4 10. Qc2 Nf6 11. e4 c5 12. e5 Nd5 13. a3 cxd4 14. Ng5 g6 15.
Nxd5 Bxd5 16. axb4 Nc6 17. Bxd5 Qxd5 18. Ne4 Qb5 19. Nf6+ Kh8 20. Qe4 Qxb4 21.
Bg5 Ne7 22. Nxh7 Nf5 23. Nxf8 Qxf8 24. Bf6+ Kh7 25. g4 Ne7 26. Ra3 Ng8 27. Rh3+
1-0

[Event "Xtracon Grandmaster "]
[Site "Koge"]
[Date "2013.10.18"]
[Round "5"]
[White "Stuhr, Peter Sebastian"]
[Black "Christensen, Casper"]
[Result "0-1"]
[WhiteElo "1939"]
[BlackElo "1977"]
[PlyCount "130"]
[EventDate "2013.10.14"]
[EventType "swiss"]
[EventRounds "9"]
[EventCountry "DEN"]
[Source "ChessBase"]
[SourceDate "2013.11.20"]

1. e4 c5 2. Nc3 e6 3. f4 d6 4. Nf3 Be7 5. Bb5+ Nd7 6. d3 Qc7 7. a3 a6 8. Ba4 b5
9. Bb3 Ngf6 10. Ne2 Bb7 11. O-O O-O 12. Qe1 c4 13. Ba2 Qb6+ 14. Kh1 Rac8 15.
Neg1 a5 16. Bd2 Bd8 17. e5 Nd5 18. d4 c3 19. bxc3 Qc6 20. c4 bxc4 21. c3 f5 22.
Qd1 dxe5 23. fxe5 N7b6 24. Bb1 h6 25. Rf2 Qe8 26. Nh3 Qh5 27. Kg1 g5 28. Qc1
Rc7 29. Ne1 Rh7 30. Qc2 g4 31. Nf4 Nxf4 32. Bxf4 Bg5 33. g3 Bxf4 34. Rxf4 Qg5
35. Ng2 Bxg2 36. Kxg2 Nd5 37. Qf2 Nxf4+ 38. gxf4 Qe7 39. Qe2 Qb7+ 40. Kg1 Qb3
41. Ba2 Qxc3 42. Rd1 Rc8 43. d5 Qxa3 44. d6 Qc5+ 45. Kf1 Qc6 46. Kf2 Rd7 47.
Rc1 Qb6+ 48. Kf1 Qd4 49. Rxc4 Rxc4 50. Bxc4 Qxf4+ 51. Kg1 Kf7 52. Bb5 Qd4+ 53.
Kf1 Rb7 54. d7 Qd5 55. Bc6 Rb1+ 56. Kf2 Qd4+ 57. Kg3 Rg1+ 58. Kh4 Ke7 59. Qa2
g3+ 60. Kh5 Qg4+ 61. Kxh6 Qh4+ 62. Kg6 gxh2+ 63. Qg2 Rxg2+ 64. Bxg2 Qg4+ 65.
Kh7 Qxg2 0-1

[Event "Xtracon Grandmaster "]
[Site "Koge"]
[Date "2013.10.18"]
[Round "5"]
[White "Ulibin, Mikhail"]
[Black "Hagen, Andreas Skytte"]
[Result "1/2-1/2"]
[WhiteElo "2523"]
[BlackElo "2421"]
[PlyCount "104"]
[EventDate "2013.10.14"]
[EventType "swiss"]
[EventRounds "9"]
[EventCountry "DEN"]
[Source "ChessBase"]
[SourceDate "2013.11.20"]

1. e4 e5 2. Nf3 Nc6 3. Bb5 Nf6 4. O-O Nxe4 5. d4 Nd6 6. Bxc6 dxc6 7. dxe5 Nf5
8. Qxd8+ Kxd8 9. Nc3 Bd7 10. Rd1 Kc8 11. Ng5 Be8 12. b3 b6 13. Bb2 Be7 14. Nge4
Kb7 15. h3 h5 16. g3 a5 17. a4 Rd8 18. Rxd8 Bxd8 19. Rd1 Kc8 20. Rd3 c5 21. Nb5
Be7 22. c4 Kb7 23. Nbc3 Kc8 24. Nd5 Bd8 25. f3 Bd7 26. g4 hxg4 27. hxg4 Nd4 28.
Bxd4 cxd4 29. Rxd4 Re8 30. Nxb6+ cxb6 31. Nd6+ Kc7 32. Nxe8+ Bxe8 33. f4 Be7
34. Kg2 Bc5 35. Rd3 Bc6+ 36. Kg3 g6 37. Kh4 Be7+ 38. Kg3 Bc5 39. Kh4 Be7+ 40.
Kg3 Bd7 41. Rf3 f6 42. exf6 Bxf6 43. Rd3 Be7 44. Rd5 Bc6 45. Re5 Kd7 46. Kf2
Kd6 47. Re2 Bd7 48. Kf3 Bc6+ 49. Ke3 Bd7 50. Kf3 Bc6+ 51. Ke3 Bd7 52. Kf3 Bc6+
1/2-1/2